Contribución al conocimiento de la morfología, ecología, comportamiento y distribución geográfica de podocnemis vogli, Testudinata (<Pelomedusidae>) (Registro nro. 14001)

Detalles MARC
000 -CABECERA
Campo de control 004700000a22001090004500
090 ## - CLASIFICACIÓN LOCAL
Colección AS
Consecutivo Seriadas
041 0# - IDIOMA
Código de idioma para texto/pista de sonido o título separado
100 1# - ASIENTO PRINCIPAL--NOMBRE PERSONAL
Nombre personal Alarcón Pardo, Humberto
245 10 - MENCION DE TITULO
Título Contribución al conocimiento de la morfología, ecología, comportamiento y distribución geográfica de podocnemis vogli, Testudinata (<Pelomedusidae>)
773 1# - Item fuente:
Título Revista de la Academia Colombiana de Ciencias Exactas, Fisicas y Naturales
Especificación de materiales 32
Descripción física 51
Paginas del Articulo 303-325
Lugar, editorial y fecha de publicación 1969
Información sobre la relación 13
942 ## - ELEMENTOS ADICIONALES (KOHA)
Tipo de ítem Artículo

No hay ítems disponibles.